000 00395nam a22001697a 4500
003 MPLRDC
005 20220104124723.0
008 210129b ||||| |||| 00| 0 eng d
020 _a962-13-0120-3
082 _a719.387 SN
100 _a桑妮
245 _a小华游星马
_c
260 _a
_b明华出版公司
_c1988
300 _b
650 _a星马游记
942 _cBK
_o719.387 SN
999 _c21603
_d21593